|
|
|
|
| LEADER |
01359nam a22003852a 4500 |
| 001 |
001634994 |
| 003 |
CZ BrMZK |
| 005 |
20180731125339.0 |
| 007 |
ta |
| 008 |
180620s1963 xr er|||||||||||cze d |
| 040 |
|
|
|a ABB036
|b cze
|d BOA001
|
| 043 |
|
|
|a e-cs---
|a e-ur---
|
| 072 |
|
7 |
|a 341
|x Mezinárodní právo
|2 Konspekt
|9 16
|
| 080 |
|
|
|a 341.24
|2 MRF
|
| 080 |
|
|
|a 327
|2 MRF
|
| 080 |
|
|
|a (437)
|2 MRF
|
| 080 |
|
|
|a (47+57)
|2 MRF
|
| 080 |
|
|
|a (082.2)
|2 MRF
|
| 100 |
1 |
|
|a Němec, Jan,
|d 1913-
|7 jk01083059
|4 aut
|
| 245 |
1 |
0 |
|a 1943-1963 :
|b k dvacátému výročí československo-sovětské smlouvy /
|c Jan Němec, Jiří Sládek
|
| 250 |
|
|
|a 1. vyd.
|
| 260 |
|
|
|a Praha :
|b Svět sovětů,
|c 1963
|
| 300 |
|
|
|a 29 s.
|
| 490 |
1 |
|
|a Na pomoc aktivu SČSP ;
|v č. 22/63
|
| 650 |
0 |
7 |
|a mezinárodní smlouvy
|7 ph122825
|z Československo
|2 czenas
|
| 650 |
0 |
7 |
|a mezinárodní smlouvy
|7 ph122825
|z Sovětský svaz
|2 czenas
|
| 651 |
|
7 |
|a Československo
|7 ge131689
|x zahraniční vztahy
|2 czenas
|
| 651 |
|
7 |
|a Sovětský svaz
|7 ge128583
|x zahraniční vztahy
|2 czenas
|
| 655 |
|
7 |
|a jubilejní publikace
|7 fd131839
|2 czenas
|
| 700 |
1 |
|
|a Sládek, Jiří
|7 jk01111740
|4 aut
|
| 830 |
|
0 |
|a Na pomoc aktivu SČSP
|
| 910 |
|
|
|a BOA001
|b X-0506.712
|
| 990 |
|
|
|a BK
|
| 991 |
|
|
|b 201806
|
| 996 |
6 |
|
|b 2618947906
|c X-0506.712
|l MZK
|r Sklad / do 24 hodin
|n 0
|w 001670886
|u 000010
|a 1
|e BOA001
|j MZK50
|s P
|